National Sports of the World - Statistics

General Stats
  • This quiz has been taken 103 times
  • The average score is 5 of 16
Answer Stats
Country National Sport % Correct
Namibia Association Football / Netball / Rugby
98%
Bahamas Cricket
78%
Canada Lacrosse / Ice Hockey
76%
Iran Varzesh-e Bastani / Wrestling / Polo
58%
South Korea Taekwondo
28%
Nepal Volleyball
27%
Sri Lanka Volleyball
27%
Bhutan Archery
21%
Bangladesh Kabaddi
13%
Brazil Capoeira
12%
Argentina Pato
8%
Chile Rodeo
7%
Philippines Arnis
3%
Mexico Charrería
3%
Colombia Tejo
3%
Uruguay Destrezas Criollas
1%
No matching quizzes found
Score Distribution
Percent of People with Each Score
Percentile by Number Answered
Your Score History
You have not taken this quiz